书目信息 |
| 题名: |
周易全译
|
|
| 作者: | 徐予宏 译注 | |
| 分册: | ||
| 出版信息: | 贵阳 贵州人民出版社 2008.12 |
|
| 页数: | 340页 | |
| 开本: | 20cm | |
| 丛书名: | ||
| 单 册: | ||
| 中图分类: | B221 | |
| 科图分类: | ||
| 主题词: | 先秦哲学 | |
| 电子资源: | ||
| ISBN: | 7-221-08373-8 | |
| 000 | 00551nam0 2200193 450 | |
| 001 | 2655611422 | |
| 005 | 20260413152821.08 | |
| 010 | @a7-221-08373-8@dCNY29.80 | |
| 100 | @a20260413d2008 km y0chiy0120 ea | |
| 101 | 0 | @achi |
| 102 | @aCN@b520000 | |
| 200 | 1 | @a周易全译@AZhou Yi Quan Yi@f徐予宏译注@FXu Yu Hong Yi Zhu |
| 210 | @a贵阳@c贵州人民出版社@d2008.12 | |
| 215 | @a340页@d20cm | |
| 606 | 0 | @a先秦哲学 |
| 690 | @aB221@v4 | |
| 701 | 0 | @a徐予宏@AXu Yu Hong@4译注 |
| 801 | 0 | @aCN@b大连网信软件有限公司图书馆·11@c20260413 |
| 905 | @aZUCC@dB221@eZW411 | |
| 周易全译/徐予宏译注.-贵阳:贵州人民出版社,2008.12 |
| 340页;20cm |
| ISBN 7-221-08373-8:CNY29.80 |
| ● |
| 相关链接 |
|
|
|
|
正题名:周易全译
索取号:B221/ZW411
 
预约/预借
| 序号 | 登录号 | 条形码 | 馆藏地/架位号 | 状态 | 备注 |
| 1 | 7616831 | 276168317 | 密集书库-文学院/ [索取号:B221/ZW411] | 在馆 |